000 00588nam a22001817a 4500
999 _c189386
_d189386
005 20220627151812.0
010 _aENG-133395
020 _a9789350536513
_c1500.00
035 _aEN-116927
037 _bDBAD/PUB
082 _a003.7
100 _aChauhan, Lincoln K
245 _aThe Quantum Dice /
_cLincoln K. Chauhan
260 _aNew Delhi
_bCyber Tech Publications
_c2018
270 _a4264/3, Ansari Road, Darya Ganj
_bNew Delhi
_e110002
_k01123244078
_mcybertechpublications@gmail.com
300 _av.200p
_c24cm(hb)
_bBiblography
942 _2ddc
_cEN
_h003.7
_mCHA